Golovin / (Record no. 189134)

MARC details
000 -LEADER
campo de control de longitud fija 00592nam a22001691i 4500
001 - NÚMERO DE CONTROL
campo de control 189134
003 - IDENTIFICADOR DE NÚMERO DE CONTROL
campo de control SpMaBN
005 - FECHA Y HORA DE LA ÚLTIMA TRANSACCIÓN
campo de control 20231102063035.0
008 - DATOS DE LONGITUD FIJA--INFORMACIÓN GENERAL
campo de control de longitud fija 190403s1937 sp |||| | spa d
100 1# - ENTRADA PRINCIPAL--NOMBRE DE PERSONA
Nombre de persona Wassermann, Jakob,
Fechas asociadas al nombre 1873-1934
9 (RLIN) 116154
245 10 - MENCIÓN DEL TÍTULO
Título Golovin /
Mención de responsabilidad, etc. Jakob Wassermann ; traducción de F. Oliver-Brachfeld.
260 ## - PUBLICACIÓN, DISTRIBUCIÓN, ETC.
Lugar de publicación, distribución, etc. Barcelona :
Nombre del editor, distribuidor, etc. Apolo,
Fecha de publicación, distribución, etc. [1937]
300 ## - DESCRIPCIÓN FÍSICA
Extensión 122 p. ;
Dimensiones 20 cm.
700 1# - ENTRADA AGREGADA--NOMBRE PERSONAL
Nombre de persona Oliver Brachfeld, F.
9 (RLIN) 86832
852 ## - LOCALIZACIÓN
Ubicación ES-MaACL
Número de control de estantería L-32296
Nota libre - Enc. cart.
-- . - Donat. herederos de la bibl. de Mª del Pilar Costa Palacín
Holdings
Estatus retirado Estado de pérdida Estado de daño No para préstamo Biblioteca de origen Biblioteca actual Ubicación en estantería Fecha de adquisición Fuente de adquisición Total de préstamos Signatura topográfica completa Código de barras Visto por última vez Precio de reemplazo Tipo de ítem Koha
        Biblioteca del Ateneo de Madrid Biblioteca del Ateneo de Madrid Depósito 2 03/04/2019     L-32296 1200312 23/02/2023 23/02/2023 Libro impreso